Windows XP for dummies (Record no. 167933)

000 -LEADER
fixed length control field 00347nam a2200133Ia 4500
008 - FIXED-LENGTH DATA ELEMENTS--GENERAL INFORMATION
fixed length control field 220217s9999||||xx |||||||||||||| ||und||
020 ## - INTERNATIONAL STANDARD BOOK NUMBER
International Standard Book Number 81-265-0228-2
082 ## - DEWEY DECIMAL CLASSIFICATION NUMBER
Classification number 005.43 RAT
100 ## - MAIN ENTRY--PERSONAL NAME
Personal name Rathbone, Andy
9 (RLIN) 2018
245 #0 - TITLE STATEMENT
Title Windows XP for dummies
260 ## - PUBLICATION, DISTRIBUTION, ETC.
Place of publication, distribution, etc. IDG books
Name of publisher, distributor, etc. New Delhi
Date of publication, distribution, etc. 2001
300 ## - PHYSICAL DESCRIPTION
Other physical details 199
650 ## - SUBJECT ADDED ENTRY--TOPICAL TERM
Topical term or geographic name entry element Operating systems
Holdings
Withdrawn status Lost status Damaged status Not for loan Collection code Home library Current library Shelving location Date acquired Full call number Barcode Date last seen Price effective from Koha item type
        Artificial Intelligence and Machine Learning Central Library Central Library Reference 02/18/2022 005.43 RAT 3122 02/18/2022 02/18/2022 Books

Powered by Koha